Kultúra jazykového prejavu a problémy s prekladom terminológie

Aktuálne problémy jazykového prejavu so zameraním na používateľa a s uvedením príkladov nesprávneho používania. Preklad ekonomickej terminológie a s ňou súvisiace problémy.

Uložené v:
Podrobná bibliografia
Hlavný autor: Pauleová, Milada
Médium: Kapitola
Jazyk:Slovak
Predmet:
Tagy: Pridať tag
Žiadne tagy, Buďte prvý, kto otaguje tento záznam!

MARC

LEADER 00000nla$a2200000$$$4500
001 0084003
005 20240502071938.8
041 0 |a slo 
044 |a SK 
245 1 0 |a Kultúra jazykového prejavu a problémy s prekladom terminológie  |c Milada Pauleová 
520 |a Aktuálne problémy jazykového prejavu so zameraním na používateľa a s uvedením príkladov nesprávneho používania. Preklad ekonomickej terminológie a s ňou súvisiace problémy. 
610 2 0 |a jazyky cudzie 
610 2 0 |a vzdelávanie 
610 2 0 |a komunikácia 
100 1 |a Pauleová, Milada